000 00489nam a2200169Ia 4500
008 090123s9999 xx 000 0 und d
082 _b2764
_a891.463/कदम
100 _aकदम बाबा
245 _aपाच नाजूक बोटे
250 _a1
300 _a152
600 _aकदम बाबा
630 _aपाच नाजूक बोटे
700 _aकदम बाबा
730 _aपाच नाजूक बोटे
942 _cBOOK
999 _c40848
_d40848